Sports Quiz

Random Sports or NCAA Quiz

Pac-12 School Map Quiz Stats

 Plays Quiz Updated Aug 28, 2015

Also try: NCAA Helmets
Challenge
Share
Tweet
Score 0/12 Timer 02:00
18 Plays Today
% Correct
Washington
96.2%
Oregon
95.5%
Oregon State
94.8%
Arizona
94.8%
Arizona State
94.7%
UCLA
94.6%
USC
93.6%
Utah
92.7%
Colorado
92%
Washington State
91.9%
Cal
90.4%
Stanford
88.7%

You're not logged in!

Compare scores with friends on all Sporcle quizzes.
OR
Log In

You Might Also Like...

Show Comments

Extras

Top Quizzes Today


Score Distribution

Your Account Isn't Verified!

In order to create a playlist on Sporcle, you need to verify the email address you used during registration. Go to your Sporcle Settings to finish the process.

Report this User

Report this user for behavior that violates our Community Guidelines.

Details: